<?xml version="1.0" encoding="UTF-8"?>
<marc:record xmlns:marc="http://www.loc.gov/MARC21/slim">
   <marc:leader>00000nam a2200000 a 4500</marc:leader>
   <marc:datafield ind1="1" ind2=" " tag="100">
      <marc:subfield code="a">Albright, Madeleine</marc:subfield>
      <marc:subfield code="4">aut</marc:subfield>
      <marc:subfield code="e">Verfasser/-in</marc:subfield>
   </marc:datafield>
   <marc:datafield ind1=" " ind2=" " tag="653">
      <marc:subfield code="a">Albright, Madeleine</marc:subfield>
   </marc:datafield>
   <marc:datafield ind1="0" ind2="0" tag="245">
      <marc:subfield code="a">Die Hölle und andere Reiseziele</marc:subfield>
   </marc:datafield>
   <marc:datafield ind1="0" ind2="0" tag="245">
      <marc:subfield code="b">eine Autobiografie im 21. Jahrhundert</marc:subfield>
   </marc:datafield>
   <marc:datafield ind1="0" ind2="0" tag="245">
      <marc:subfield code="c">Albright, Madeleine</marc:subfield>
   </marc:datafield>
   <marc:datafield ind1=" " ind2="1" tag="264">
      <marc:subfield code="a">Köln</marc:subfield>
      <marc:subfield code="b">DuMont</marc:subfield>
      <marc:subfield code="c">2020</marc:subfield>
   </marc:datafield>
   <marc:datafield ind1=" " ind2=" " tag="250">
      <marc:subfield code="a">Erste Auflage</marc:subfield>
   </marc:datafield>
   <marc:datafield ind1="1" ind2=" " tag="520">
      <marc:subfield code="a">Als Madeleine Albrights Amtszeit als Außenministerin der USA 2001 zu Ende ging, sprühte die 63-Jährige vor Ideen. Sie gründete ein politisches Beratungsunternehmen, lehrte an der Universität, unterstützte Hillary Clinton bei den Vorwahlen, schrieb Bücher und hielt viele aufsehenerregende Reden. In 'Die Hölle und andere Reiseziele' erzählt sie von ihrer persönlichen Entwicklung, aber auch von den politischen Ereignissen jener Jahre: von den Anschlägen des 11. Septembers, der Rolle der USA in der Golfregion, von der Finanzkrise, den Vereidigungen dreier sehr unterschiedlicher Präsidenten und dem Erstarken antidemokratischer Tendenzen in zahlreichen Ländern, auch in den USA.</marc:subfield>
   </marc:datafield>
   <marc:datafield ind1=" " ind2=" " tag="020">
      <marc:subfield code="a">9783832183998</marc:subfield>
      <marc:subfield code="9">9783832183998</marc:subfield>
   </marc:datafield>
   <marc:datafield ind1=" " ind2=" " tag="020">
      <marc:subfield code="a">383218399x</marc:subfield>
      <marc:subfield code="9">383218399x</marc:subfield>
   </marc:datafield>
   <marc:datafield ind1=" " ind2=" " tag="041">
      <marc:subfield code="a">ger</marc:subfield>
   </marc:datafield>
   <marc:datafield ind1=" " ind2=" " tag="338">
      <marc:subfield code="a">Band</marc:subfield>
   </marc:datafield>
   <marc:datafield ind1=" " ind2=" " tag="300">
      <marc:subfield code="a">493 Seiten</marc:subfield>
   </marc:datafield>
</marc:record>
